000 00295nam a2200097Ia 4500
001 1299372
005 20260417170343.0
008 260417s9999 xx 000 0 und d
245 0 _aKENDİMİ DURDURAMIYORUM-2 ŞİRİN ZANZİBAR KONSOLOSU
_cBİRSEN EKİM ÖZEN
260 _bTİMAŞ ÇOCUK YAYINLARI
999 _c1299372
_d1299372